000 00484nam a2200157Ia 4500
003 IN-BaIIA
008 211028s9999 xx 000 0 eng d
040 _cIIA Library
080 _a519.246.8
_bWOL
100 _aWold Herman
_94119
245 2 _aA study in the analysis of stationary time series
_c Herman Wold
260 _aStockholm
_bAlmqvist and Wiksell
_c1938
300 _aviii, 236p.
650 _aTime series
_94120
942 _cBK
999 _c2300
_d2300